000 00327nam a2200121Ia 4500
008 231120s2017 xx 000 0 und d
041 _aeng
082 _a751.42
100 _aHAZEL LALE
245 _aVIBRANT WATERCOLOURS: HOW TO PAINT WITH DRAMA AND INTENSITY
260 _aSEARCH PRESS
_bSEARCH PRESS
_c2017
300 _aP-128
999 _c933357
_d933357